| 000 | 00416nam a22001217a 4500 | ||
|---|---|---|---|
| 999 |
_c18806 _d18806 |
||
| 008 | 210219b xxu||||| |||| 00| 0 eng d | ||
| 050 |
_aGMB0499 _b.A36 2016 c.1 |
||
| 100 | _aAengwo, Kelvin | ||
| 245 |
_aAn assessment competitive strategies on performance of hotel businesses in Nakuru, Kenya _cKelvin, Aengwo |
||
| 260 |
_aKabarak, Nakuru, Kenya _bKabarak University _c2016 |
||
| 300 | _a73 leaves | ||
| 942 |
_2lcc _cTHE |
||